Увлеченный продавец (Запись № 1972940)

Подробности
000 -МАРКЕР
контрольное поле 01948nam0a2200373 4500
001 - ИДЕНТИФИКАТОР ЗАПИСИ
контрольное поле RU\NLR\bibl\1828035
005 - ИДЕНТИФИКАТОР ВЕРСИИ
контрольное поле 20260406000716.0
010 ## - МЕЖДУНАРОДНЫЙ СТАНДАРТНЫЙ НОМЕР КНИГИ (ISBN)
Номер (ISBN) 978-5-9998-0024-4
Тираж 3000
021 ## - НОМЕР ГОСУДАРСТВЕННОЙ РЕГИСТРАЦИИ
Код страны Российская Федерация
Номер 2011-78232
Номер Листа государственной регистраци 5570
035 ## - ДРУГИЕ СИСТЕМНЫЕ НОМЕРА
Идентификатор записи (NLR Aleph) 001818555
100 ## - ДАННЫЕ ОБЩЕЙ ОБРАБОТКИ
Данные общей обработки 20111101d2011 |||y0rusy50 ca
101 1# - ЯЗЫК РЕСУРСА
Язык текста, звукозаписи и т.д. русский
Язык оригинала английский
102 ## - СТРАНА ПУБЛИКАЦИИ ИЛИ ПРОИЗВОДСТВА
Страна публикации Российская Федерация
-- Германия
105 ## - ПОЛЕ КОДИРОВАННЫХ ДАННЫХ: ТЕКСТОВЫЕ МАТЕРИАЛЫ, МОНОГРАФИЧЕСКИЕ
Кодированные данные о монографическом текстовом документе a |||||||||
200 1# - ЗАГЛАВИЕ И СВЕДЕНИЯ ОБ ОТВЕТСТВЕННОСТИ
Основное заглавие Увлеченный продавец
Сведения, относящиеся к заглавию руководство для профессионального продавца
Первые сведения об ответственности Джеймс Хейдема, Крис Хейдема
Последующие сведения об ответственности [пер. с англ. к.психол.н., доц. А.В. Лисовского]
210 ## - ПУБЛИКАЦИЯ, РАСПРОСТРАНЕНИЕ И ДР.
Место издания, распространения и т.д. Москва
-- Берлин
Имя издателя, распространителя и т. д. Инфотропик Медиа
Дата издания, распространения и т.д. 2011
215 ## - ФИЗИЧЕСКАЯ ХАРАКТЕРИСТИКА
Специфическое обозначение материала и объем 209 с.
Другие сведения о физической характеристике ил.
Размеры 21
225 1# - СЕРИЯ
Основное заглавие серии Серия "Бизнес с увлечением"
Обозначение тома кн. 2
300 ## - ОБЩИЕ ПРИМЕЧАНИЯ
Текст примечания Загл. и авт. ориг.: The passionate salesperson / James Heidema, Chris Heidema
320 ## - ПРИМЕЧАНИЯ О НАЛИЧИИ В ДОКУМЕНТЕ БИБЛИОГРАФИИ / УКАЗАТЕЛЯ
Текст примечания Предм. указ.: с. 207-209
454 #0 - ОРИГИНАЛ (ПЕРЕВОДА)
Встроенное поле 2001#$aThe passionate salesperson
-- 700#1$3RU\NLR\auth\77114830$7ba$aHeidema$bD. М.$gJames М.$4070
-- 701#1$3RU\NLR\auth\77110258$7ba$aHeidema$bC. M.$gChris M.$4070
Заглавие The passionate salesperson
Автор Heidema, James М.
606 1# - НАИМЕНОВАНИЕ ТЕМЫ КАК ПРЕДМЕТ
Наименование темы Торговля
Формальный подзаголовок Практические пособия
Тематический подзаголовок Организация
Системный номер авторитетной/нормативной записи 1539874
Идентификатор авторитетной/нормативной записи RU\NLR\auth\66972493
606 1# - НАИМЕНОВАНИЕ ТЕМЫ КАК ПРЕДМЕТ
Наименование темы Торговля
Формальный подзаголовок Практические пособия
Тематический подзаголовок Социально-психологические исследования
Системный номер авторитетной/нормативной записи 2099597
Идентификатор авторитетной/нормативной записи RU\NLR\auth\661269983
686 ## - ИНДЕКСЫ ДРУГИХ КЛАССИФИКАЦИЙ
Индекс У42(0)1-803я7
686 ## - ИНДЕКСЫ ДРУГИХ КЛАССИФИКАЦИЙ
Индекс С550.425я7
700 #1 - ИМЯ ЛИЦА - ПЕРВИЧНАЯ ОТВЕТСТВЕННОСТЬ
Код отношения Автор
Графика поля Кириллица
Материалы, к которым относится поле rus
Начальный элемент ввода Хейдема
Часть имени, кроме начального элемента ввода Д. М.
Расширение инициалов личного имени Джеймс М.
Системный номер авторитетной/нормативной записи 61151
Идентификатор авторитетной/нормативной записи RU\NLR\auth\7778223
701 #1 - ИМЯ ЛИЦА - АЛЬТЕРНАТИВНАЯ ОТВЕТСТВЕННОСТЬ
Код отношения Автор
Графика поля Кириллица
Материалы, к которым относится поле rus
Начальный элемент ввода Хейдема
Часть имени, кроме начального элемента ввода К. М.
Расширение инициалов личного имени Крис М.
Системный номер авторитетной/нормативной записи 93182
Идентификатор авторитетной/нормативной записи RU\NLR\auth\77110257
801 #0 - ИСТОЧНИК ЗАПИСИ
Страна Российская Федерация
Организация NLR
Дата составления 20111101
Правила каталогизации RCR
801 #1 - ИСТОЧНИК ЗАПИСИ
Страна Российская Федерация
Организация NLR
Дата составления 20111101
942 ## - ДОПОЛНИТЕЛЬНЫЕ ЭЛЕМЕНТЫ ЗАПИСИ (АБИС)
Тип экземпляра АБИС Книга
980 ## - КОЛЛЕКЦИЯ
Название коллекции Национальная библиография
980 ## - КОЛЛЕКЦИЯ
Название коллекции НБР
Экземпляры
Тип экземпляра Дата поступления Источник поступления Библиотека постоянного хранения Библиотека текущего хранения Место хранения Шифр хранения Штрих-код Статус экземпляра
Книга 01.11.2011 Обязательный экземпляр РНБ (Московский) РНБ (Московский) Русский книжный фонд: издания с 1957 года 2011-3/33884 3521706  
Книга 01.11.2011 Обязательный экземпляр РНБ (Московский) РНБ (Московский) Русский книжный фонд: издания с 1957 года 2011-3/33884 3521707